ARRUPE JESUIT UNIVERSITY

CORONAVIRUS -STOP THE SPREAD - CLEAN,DISINFECT,COVER

The Humanizing brain (Record no. 9733)

MARC details
000 -LEADER
fixed length control field 00622nam a2200253Ia 4500
003 - CONTROL NUMBER IDENTIFIER
control field 0100
008 - FIXED-LENGTH DATA ELEMENTS--GENERAL INFORMATION
fixed length control field 130303s9999 xx 000 0 und d
020 ## - INTERNATIONAL STANDARD BOOK NUMBER
International Standard Book Number 829812008
040 ## - CATALOGING SOURCE
Transcribing agency ARRUPELIB
050 ## - LIBRARY OF CONGRESS CALL NUMBER
Classification number BT702.A8441997
300 ## - PHYSICAL DESCRIPTION
Other physical details 233p. 23cm
100 ## - MAIN ENTRY--PERSONAL NAME
Personal name Ashbrook, James B
245 #4 - TITLE STATEMENT
Title The Humanizing brain
245 ## - TITLE STATEMENT
Remainder of title where religion and neuroscience meet
260 ## - PUBLICATION, DISTRIBUTION, ETC. (IMPRINT)
Place of publication, distribution, etc Cleveland, Ohio
260 ## - PUBLICATION, DISTRIBUTION, ETC. (IMPRINT)
Name of publisher, distributor, etc The pilgrim Press
260 ## - PUBLICATION, DISTRIBUTION, ETC. (IMPRINT)
-- 1997
300 ## - PHYSICAL DESCRIPTION
Extent xxxiv
650 ## - SUBJECT ADDED ENTRY--TOPICAL TERM
Topical term following geographic name as entry element Africa--Race question
650 ## - SUBJECT ADDED ENTRY--TOPICAL TERM
Location of event Negroes in Africa
650 ## - SUBJECT ADDED ENTRY--TOPICAL TERM
Active dates Race problems
700 ## - ADDED ENTRY--PERSONAL NAME
Personal name James B Ashbrook
942 00 - ADDED ENTRY ELEMENTS (KOHA)
Koha issues (borrowed), all copies 5
Holdings
Withdrawn status Lost status Source of classification or shelving scheme Damaged status Not for loan Collection code Home library Current library Date acquired Total Checkouts Full call number Barcode Date last seen Date checked out Copy number Price effective from Koha item type Shelving location
    Library of Congress Classification     Main Collection ARRUPE LIBRARY ARRUPE LIBRARY 04/03/2013 5 BT702.A8441997 46500001766 01/12/2016 22/10/2014 1 04/03/2013 Monograph ( Printed materials)  
    Library of Congress Classification     Main Collection ARRUPE LIBRARY ARRUPE LIBRARY 07/09/2015 1 BT702.A844 1997 46003043551 09/10/2020 03/06/2020 2 07/09/2015 Monograph ( Printed materials) Main Collection

 

Arrupe Library. PO Box MP320 Mt Pleasant, Harare, Zimbabwe
263 242 745411|librarian@aju.ac.zw